New Testament Greek for beginners / (Record no. 553)

MARC details
000 -LEADER
fixed length control field 00698cam a2200229 a 4500
001 - CONTROL NUMBER
control field 117464
003 - CONTROL NUMBER IDENTIFIER
control field GBCCL
005 - DATE AND TIME OF LATEST TRANSACTION
control field 20241126110340.0
008 - FIXED-LENGTH DATA ELEMENTS--GENERAL INFORMATION
fixed length control field 781021t19501923nyu b 001 0 eng d
035 ## - SYSTEM CONTROL NUMBER
System control number (OCoLC)ocm04310650
040 ## - CATALOGING SOURCE
Original cataloging agency OKO
Transcribing agency OKO
Modifying agency OCLCQ
-- LBB
049 ## -
-- LBBK
082 ## - DEWEY DECIMAL CLASSIFICATION NUMBER
Classification number 487.4
Item number MAC
090 ## - LOCALLY ASSIGNED LC-TYPE CALL NUMBER (OCLC); LOCAL CALL NUMBER (RLIN)
Classification number (OCLC) (R) ; Classification number, CALL (RLIN) (NR) PA817
Local cutter number (OCLC) ; Book number/undivided call number, CALL (RLIN) .M3 1950
100 1# - MAIN ENTRY--PERSONAL NAME
Personal name Machen, J. Gresham
Fuller form of name (John Gresham),
Dates associated with a name 1881-1937.
9 (RLIN) 2930
245 10 - TITLE STATEMENT
Title New Testament Greek for beginners /
Statement of responsibility, etc. by J. Gresham Machen.
260 ## - PUBLICATION, DISTRIBUTION, ETC.
Place of publication, distribution, etc. New York :
Name of publisher, distributor, etc. Macmillan,
Date of publication, distribution, etc. 1950, c1923.
300 ## - PHYSICAL DESCRIPTION
Extent 287 p. ;
Dimensions 20 cm.
504 ## - BIBLIOGRAPHY, ETC. NOTE
Bibliography, etc. note Includes bibliographical references and index.
650 #0 - SUBJECT ADDED ENTRY--TOPICAL TERM
Topical term or geographic name entry element Greek language, Biblical
General subdivision Grammar.
9 (RLIN) 2933
942 ## - ADDED ENTRY ELEMENTS (KOHA)
Source of classification or shelving scheme Dewey Decimal Classification
Koha item type Language
Holdings
Withdrawn status Lost status Source of classification or shelving scheme Damaged status Not for loan Home library Current Library Shelving location Date acquired Total checkouts Full call number Barcode Date last seen Copy number Price effective from Koha item type
    Dewey Decimal Classification     GRACE BIBLE COLLEGE GRACE BIBLE COLLEGE Language 2016-11-17   487.4 MAC 000016 2025-05-01 c.1 2016-11-17 Language
    Dewey Decimal Classification     GRACE BIBLE COLLEGE GRACE BIBLE COLLEGE Language 2017-05-02   487.4 MAC 006805 2025-05-01 c.2 2017-05-02 Language
© Grace Bible College Library 2025